Responses for Show #4169 - Thursday, October 17, 2002

(Sofia: Today the Clue Crew is taking a field trip--a Field Museum trip!)

Contestants

[<< previous game]

Rob Kobman, a bartender and recent college graduate from Spotsylvania, Virginia

Heather Townsend, a foreign service officer from Washington, D.C.

Tom McDermott, a municipal court magistrate from Bowling Green, Ohio (whose 1-day cash winnings total $19,900)

[next game >>]

Jeopardy! Round responses

THE ARABIAN NIGHTS
POLITICIANS
LANGUAGES
WHATCHAMACALLIT
MISHEARD LYRICS
(Alex: We want you to give us the correct words.)
PRIME NUMBER, PLEASE
    $200 16
Aladdin

Rob
    $200 21
Dianne Feinstein

Heather
    $200 7
Tajikistan

Heather
    $200 1
Minutemen

Rob
    $200 2
"I Second That Emotion"

Rob
    $200 26
109

Heather
    $400 17
Sinbad

Heather
    $400 22
Henry Kissinger

Tom
    $400 8
(Rob: What is Spain?)

Spanish

TomRob
    $400 12
Bolshoi

Rob
    $400 3
'Ain't No Woman (Like the One I've Got)"

Tom
    $400 27
227

Rob
    $600 18
40

Heather
    $600 23
(Rob: Who is...[Time]?)

Barney Frank

TomRob
    $600 9
German

Rob
    $600 13
spurs

Rob
    $600 4
"Hit Me With Your Best Shot"

Rob
    $4,800 28
(Rob: I like to live dangerously - let's make it a true Daily Double!)

V (5)

Rob
    $800 19
"One Thousand and One Nights"

Heather
    $800 24
(Heather: What is the Republican Party?)

Reform Party

HeatherRob
    $800 10
Hindi

Rob
    $800 14
(Heather: [Rang in with no response])
(Rob: What is the Father?)

Holy Spirit

HeatherRob
Triple Stumper
    $800 5
"Love in an Elevator"

Rob
    $800 29
409

Rob
    $1000 20
Solomon

Heather
    $1000 25
Ed Koch

Heather
    $1000 11
French

Rob
    $1000 15
Sequoia

Heather
    $1000 6
"Takin' Care of Business"

Heather
    $1000 30
97

Rob

Scores at the first commercial break (after clue 15):

Tom Heather Rob
$800 $1,400 $4,000

Scores at the end of the Jeopardy! Round:

Tom Heather Rob
$1,800 $4,800 $11,400

Double Jeopardy! Round responses

TOUGH GEOGRAPHY
INVASIONS
UNDERGROUND
THE DIRECTOR'S CHAIR
AUTO LOGOS
"D" CATEGORY
    $400 16
Negev

Tom
    $400 21
Iraq

Heather
    $400 26
3 feet under

Rob
    $400 1
Alfred Hitchcock

Heather
    $400 6
Chevrolet

Heather
    $400 11
discus

Rob
    $800 17
Inchon

Rob
    $800 22
Canada

Tom
    $800 27
(Rob: What are drones?)
(Tom: What are soldiers?)

workers

TomHeatherRob
    $800 2
David Lynch

Rob
    $800 7
Mercedes-Benz

Heather
    $800 12
dugong

Heather
    $1200 18
New Brunswick

Heather
    $7,000 23
Finland

Tom
    $1200 28
a gizzard

Rob
    $1200 3
Guy Ritchie

Heather
    $1200 8
Toyota

Rob
    $1200 13
Dominican Republic

Tom
    $1600 19
Venezuela

Heather
    $1600 24
Norway

Heather
    $1600 29
(Rob: What is gold?)
(Heather: What is iron?)

coal

TomHeatherRob
    $1600 4
Ang Lee

Rob
    $1600 9
(Rob: What is Porsche?)

Ferrari

HeatherRob
    $5,000 14
dead reckoning

Tom
    $2000 20
Coral Sea

Tom
    $2000 25
Ethiopia

Heather
    $2000 30
nodules

Heather
    $2000 5
John McTiernan

Tom
    $2000 10
Cobra

Rob
    $2000 15
dolmen

Triple Stumper

Scores at the end of the Double Jeopardy! Round:

Tom Heather Rob
$21,000 $18,000 $15,800

[wagering suggestions for these scores]

Final Jeopardy! Round responses

MODERN-DAY KNIGHTS
RobWho is re
$3,000
HeatherWho is Lord Sydney?
$17,999
TomWho is Eric Clapton
$15,001
Sir Edmund Hillary

Final scores:

Tom Heather Rob
$5,999 $1 $12,800
2nd place: $2,000 3rd place: $1,000 New champion: $12,800

Game dynamics:

Coryat scores:

Tom Heather Rob
$11,800 $18,000 $11,600
12 R
(including 2 DDs),
1 W
23 R,
3 W
23 R
(including 1 DD),
6 W

Combined Coryat: $41,400

[game clues] [game scores] [suggest correction]

Game tape date: 2002-06-26
The J! Archive is created by fans, for fans. Scraping, republication, monetization, and malicious use prohibited; this site may use cookies and collect identifying information. See terms. The Jeopardy! game show and all elements thereof, including but not limited to copyright and trademark thereto, are the property of Jeopardy Productions, Inc. and are protected under law. This website is not affiliated with, sponsored by, or operated by Jeopardy Productions, Inc. Join the discussion at JBoard.tv.